[Event "Sofia Asenova&Ivanova Memorial"]
[Site "Sofia"]
[Date "2010.04.23"]
[Round "4"]
[White "Mitrev, Kiril"]
[Black "Shivacheva, Donika"]
[Result "1/2-1/2"]
[WhiteElo "2127"]
[BlackElo "1644"]
[PlyCount "47"]
[EventDate "2010.04.21"]
[EventType "swiss"]
[EventRounds "9"]
[EventCountry "BUL"]
[SourceTitle "CBM 135 Extra"]
[Source "ChessBase"]
[SourceDate "2010.05.04"]
[SourceVersion "1"]
[SourceVersionDate "2010.05.04"]
[SourceQuality "1"]

1. e4 e5 2. Nf3 Nc6 3. Bc4 Bc5 4. b4 Bxb4 5. c3 Be7 6. d4 Na5 7. Be2 d6 8. dxe5 dxe5 9. Qa4+ c6 10. Nxe5 Nf6 11. 0-0 0-0 12. Rd1 Qc7 13. Bf4 b5 14. Qc2 Bd6 15. Rxd6 Qxd6 16. Ng6 Qd8 17. Nxf8 Qxf8 18. a4 Nc4 19. axb5 cxb5 20. Nd2 Nxd2 21. Qxd2 Nxe4 22. Qd4 Bb7 23. Bf3 Qc5 24. Qxc5 1/2-1/2

[Event "Sofia Gerenski Memorial 3rd"]
[Site "Sofia"]
[Date "2010.03.21"]
[Round "1"]
[White "Sapareva, Magdalena"]
[Black "Mitrev, Kiril"]
[Result "0-1"]
[WhiteElo "1714"]
[BlackElo "2127"]
[PlyCount "72"]
[EventDate "2010.03.21"]
[EventType "swiss"]
[EventRounds "9"]
[EventCountry "BUL"]
[SourceTitle "CBM 135 Extra"]
[Source "ChessBase"]
[SourceDate "2010.05.04"]
[SourceVersion "1"]
[SourceVersionDate "2010.05.04"]
[SourceQuality "1"]

1. b4 Nf6 2. Bb2 g6 3. e4 d6 4. d3 Bg7 5. Nf3 0-0 6. Be2 c6 7. 0-0 Nbd7 8. Nbd2 Qc7 9. d4 e5 10. dxe5 dxe5 11. a3 Rd8 12. Qe1 Re8 13. h3 Nh5 14. Ng5 Nhf6 15. Bc4 Re7 16. Rc1 a5 17. c3 Nb6 18. Be2 h6 19. Ngf3 Nh5 20. Nh2 Nf4 21. Rc2 Be6 22. c4 axb4 23. axb4 Ra4 24. c5 Nd7 25. Nc4 Nxe2+ 26. Qxe2 Rxb4 27. Nd6 b6 28. Ba3 Ra4 29. Qe3 bxc5 30. Bxc5 Nxc5 31. Qxc5 Rd7 32. Qxc6 Qxc6 33. Rxc6 Bf8 34. Nb5 Bc4 35. Nc3 Bxf1 36. Nxa4 Bb5 0-1

[Event "Kesarovski Georgiev Memorial 8th"]
[Site "Sunny Beach"]
[Date "2009.09.13"]
[Round "9"]
[White "Georgiev, Krum"]
[Black "Mitrev, Kiril"]
[Result "1-0"]
[WhiteElo "2466"]
[BlackElo "2114"]
[PlyCount "80"]
[EventDate "2009.09.07"]
[EventType "swiss"]
[EventRounds "9"]
[EventCountry "BUL"]
[SourceTitle "CBM 132 Extra"]
[Source "ChessBase"]
[SourceDate "2009.11.03"]
[SourceVersion "1"]
[SourceVersionDate "2009.11.03"]
[SourceQuality "1"]

1. e4 e5 2. Nf3 Nc6 3. Bb5 Bc5 4. 0-0 Nd4 5. Nxd4 Bxd4 6. c3 Bb6 7. d4 c6 8. Ba4 d6 9. Nd2 exd4 10. cxd4 Ne7 11. Nc4 Bc7 12. Ne3 0-0 13. Bb3 Kh8 14. d5 c5 15. g4 f6 16. f4 b5 17. Bc2 Bd7 18. Qf3 Kg8 19. b3 Bb6 20. h3 c4 21. bxc4 bxc4 22. Ba3 Re8 23. Rad1 f5 24. Kh1 Bxe3 25. Qxe3 fxg4 26. Qg3 Rb8 27. f5 Nc8 28. hxg4 Qf6 29. g5 Qe5 30. Qxe5 Rxe5 31. Rb1 Rb6 32. Bb2 Re8 33. Bd4 Rb5 34. Rxb5 Bxb5 35. Rb1 a6 36. Kg2 Kf8 37. Kf3 c3 38. a4 Bd7 39. Kf4 Rd8 40. Rb7 Ne7 1-0

[Event "Sliven op 16th"]
[Site "Sliven"]
[Date "2009.09.05"]
[Round "5"]
[White "Dimitrov, Radoslav"]
[Black "Mitrev, Kiril"]
[Result "1-0"]
[WhiteElo "2365"]
[BlackElo "2114"]
[PlyCount "49"]
[EventDate "2009.09.04"]
[EventType "swiss"]
[EventRounds "9"]
[EventCountry "BUL"]
[SourceTitle "CBM 132 Extra"]
[Source "ChessBase"]
[SourceDate "2009.11.03"]
[SourceVersion "1"]
[SourceVersionDate "2009.11.03"]
[SourceQuality "1"]

1. c4 c5 2. Nc3 g6 3. g3 Bg7 4. Bg2 Nc6 5. e3 e6 6. Nf3 Nge7 7. d4 cxd4 8. exd4 d5 9. cxd5 Nxd5 10. 0-0 0-0 11. Rb1 Qa5 12. Bd2 Qb6 13. Na4 Qd8 14. Bg5 Qd6 15. Rc1 b6 16. Nc3 Bd7 17. Nxd5 exd5 18. Ne5 Rfe8 19. Bf4 g5 20. Nxf7 Qg6 21. Bxd5 gxf4 22. Ne5+ Be6 23. Nxg6 Bxd5 24. Nxf4 Nxd4 25. Nxd5 1-0

[Event "Sofia Piskov Memorial 1st"]
[Site "Sofia"]
[Date "2009.08.03"]
[Round "4"]
[White "Orev, Petar"]
[Black "Mitrev, Kiril"]
[Result "1/2-1/2"]
[WhiteElo "2235"]
[BlackElo "2103"]
[PlyCount "86"]
[EventDate "2009.08.01"]
[EventType "tourn"]
[EventRounds "9"]
[EventCountry "BUL"]
[SourceTitle "CBM 131 Extra"]
[Source "ChessBase"]
[SourceDate "2009.09.03"]
[SourceVersion "2"]
[SourceVersionDate "2009.09.16"]
[SourceQuality "1"]

1. g3 c5 2. Bg2 g6 3. c4 Bg7 4. Nc3 Nc6 5. e3 e6 6. Nge2 Nge7 7. 0-0 0-0 8. d4 cxd4 9. exd4 d5 10. cxd5 Nxd5 11. Nxd5 exd5 12. Be3 Bg4 13. f3 Re8 14. Bf2 Bf5 15. Nc3 Qa5 16. f4 Rad8 17. a3 Be4 18. Qd2 Bxg2 19. Kxg2 Rd7 20. Rfe1 Rde7 21. Rxe7 Rxe7 22. Re1 Qd8 23. Rxe7 Qxe7 24. Qd3 Qe6 25. Qb5 Bxd4 26. Bxd4 Nxd4 27. Qxd5 Qb6 28. Na4 Qc6 29. Qxc6 Nxc6 30. Kf3 f5 31. Ke3 Kf7 32. Kd3 Ke7 33. Kc4 Kd6 34. b4 a6 35. Nb6 Ne7 36. a4 Kc6 37. a5 Kd6 38. b5 h6 39. Na4 Nd5 40. bxa6 bxa6 41. Nc5 Ne3+ 42. Kd4 Nc2+ 43. Kc4 Ne3+ 1/2-1/2

[Event "Kozloduy op rap"]
[Site "Kozloduy"]
[Date "2009.06.19"]
[Round "5"]
[White "Bochev, Krasimir"]
[Black "Mitrev, Kiril"]
[Result "1-0"]
[WhiteElo "2113"]
[BlackElo "2081"]
[PlyCount "73"]
[EventDate "2009.06.18"]
[EventType "swiss (rapid)"]
[EventRounds "7"]
[EventCountry "BUL"]
[SourceTitle "CBM 131 Extra"]
[Source "ChessBase"]
[SourceDate "2009.09.03"]
[SourceVersion "2"]
[SourceVersionDate "2009.09.16"]
[SourceQuality "1"]

1. Nf3 Nf6 2. c4 e6 3. g3 b6 4. Bg2 Bb7 5. 0-0 c5 6. Nc3 d6 7. d4 cxd4 8. Qxd4 a6 9. Rd1 Qc7 10. b3 Nbd7 11. e4 Be7 12. Ba3 Nc5 13. e5 dxe5 14. Qxe5 Qc8 15. Na4 Nfd7 16. Qxg7 Bf6 17. Qh6 Nxa4 18. Rxd7 Bxa1 19. Re7+ Kd8 20. Qd2+ Bd5 21. cxd5 Nc5 22. Rxf7 Ke8 23. dxe6 Qxe6 24. Ng5 Rd8 25. Qxd8+ Kxd8 26. Nxe6+ Nxe6 27. Ra7 Nc7 28. Rb7 Nb5 29. Be7+ Kc8 30. Rxb6 Re8 31. Bb4 Re2 32. Bf1 Rxa2 33. Bxb5 axb5 34. Rxb5 Bd4 35. Bc5 Bc3 36. Be3 Bf6 37. Rf5 1-0

[Event "BUL-ch Seniors"]
[Site "Sofia"]
[Date "2009.05.13"]
[Round "5"]
[White "Mitrev, Kiril"]
[Black "Arnaudov, Petar"]
[Result "0-1"]
[WhiteElo "2081"]
[BlackElo "2199"]
[PlyCount "74"]
[EventDate "2009.05.10"]
[EventType "swiss"]
[EventRounds "9"]
[EventCountry "BUL"]
[SourceTitle "CBM 130 Extra"]
[Source "ChessBase"]
[SourceDate "2009.07.02"]
[SourceVersion "2"]
[SourceVersionDate "2009.07.15"]
[SourceQuality "1"]

1. e4 c5 2. Nf3 a6 3. c3 e6 4. d4 d5 5. e5 b5 6. Bd3 b4 7. 0-0 Nc6 8. dxc5 Bxc5 9. a3 bxc3 10. b4 Bb6 11. Nxc3 Nge7 12. Na4 Bd7 13. Bb2 h6 14. Rc1 0-0 15. Nc5 Bxc5 16. Rxc5 Qb6 17. Bb1 Rfc8 18. Qc2 Ng6 19. Rc1 a5 20. b5 Nce7 21. a4 d4 22. Bxd4 Qb8 23. Rxc8+ Bxc8 24. Qc7 Nd5 25. Qc2 Bb7 26. Bc5 Ndf4 27. Bd6 Qe8 28. Qd1 Rc8 29. Rc7 Bxf3 30. Qxf3 Nd5 31. Rxc8 Qxc8 32. Qd1 Qc3 33. g3 Nxe5 34. Be4 Nc4 35. Bf4 g5 36. Bc1 Qe5 37. Bxd5 exd5 0-1

[Event "Sofia Gerenski Memorial 2nd"]
[Site "Sofia"]
[Date "2009.03.26"]
[Round "8"]
[White "Mitrev, Kiril"]
[Black "Kosturski, Ivan"]
[Result "1-0"]
[WhiteElo "2082"]
[BlackElo "1743"]
[PlyCount "92"]
[EventDate "2009.03.21"]
[EventType "swiss"]
[EventRounds "9"]
[EventCountry "BUL"]
[SourceTitle "CBM 129 Extra"]
[Source "ChessBase"]
[SourceDate "2009.05.05"]
[SourceVersion "2"]
[SourceVersionDate "2009.05.20"]
[SourceQuality "1"]

1. e4 g6 2. d4 Bg7 3. c3 d6 4. Be3 Nc6 5. Nd2 e5 6. dxe5 dxe5 7. Bc4 Nge7 8. h4 h6 9. Qe2 0-0 10. Nh3 Na5 11. 0-0-0 Nxc4 12. Nxc4 Qe8 13. h5 g5 14. Kb1 f6 15. f3 Qb5 16. Ng1 Be6 17. Na3 Qxe2 18. Nxe2 a6 19. Bc5 Rfe8 20. Bxe7 Rxe7 21. g4 Bf8 22. Nc2 Ree8 23. Rd2 Red8 24. Rhd1 Rd6 25. Rxd6 Bxd6 26. Ne3 Kf7 27. Ng3 Bf8 28. Ngf5 c6 29. Kc2 Ke8 30. b3 Rd8 31. Re1 Rd7 32. a4 b6 33. Nc4 b5 34. Nb2 bxa4 35. Nxa4 Rb7 36. c4 Kd8 37. Ne3 Rb8 38. Nd1 Be7 39. Nac3 Kc7 40. Ne3 a5 41. Ra1 Ra8 42. Ncd1 c5 43. Kc3 Bd8 44. Nd5+ Kc6 45. N1e3 Ra6 46. b4 Ra8 1-0

[Event "Sofia Gerenski Memorial 2nd"]
[Site "Sofia"]
[Date "2009.03.25"]
[Round "6"]
[White "Orev, Petar"]
[Black "Mitrev, Kiril"]
[Result "1-0"]
[WhiteElo "2231"]
[BlackElo "2082"]
[PlyCount "59"]
[EventDate "2009.03.21"]
[EventType "swiss"]
[EventRounds "9"]
[EventCountry "BUL"]
[SourceTitle "CBM 129 Extra"]
[Source "ChessBase"]
[SourceDate "2009.05.05"]
[SourceVersion "2"]
[SourceVersionDate "2009.05.20"]
[SourceQuality "1"]

1. e4 e5 2. Nf3 Nc6 3. Bb5 Bc5 4. 0-0 Nd4 5. Nxd4 Bxd4 6. c3 Bb6 7. d4 c6 8. Ba4 d6 9. d5 Ne7 10. Nd2 0-0 11. Nc4 cxd5 12. exd5 Kh8 13. Nxb6 Qxb6 14. Qb3 Qa5 15. Rd1 Rb8 16. Qb5 Qc7 17. Be3 b6 18. Rd2 f5 19. f3 f4 20. Bf2 g5 21. Bc2 Rg8 22. Be4 g4 23. Kh1 gxf3 24. gxf3 Bh3 25. Bh4 Nf5 26. Bxf5 Bxf5 27. Rg1 Bg6 28. b4 e4 29. h3 e3 30. Rdg2 1-0

[Event "Sofia Gerenski Memorial 2nd"]
[Site "Sofia"]
[Date "2009.03.24"]
[Round "5"]
[White "Mitrev, Kiril"]
[Black "Spassov, Liuben"]
[Result "1/2-1/2"]
[WhiteElo "2082"]
[BlackElo "2417"]
[PlyCount "66"]
[EventDate "2009.03.21"]
[EventType "swiss"]
[EventRounds "9"]
[EventCountry "BUL"]
[SourceTitle "CBM 129 Extra"]
[Source "ChessBase"]
[SourceDate "2009.05.05"]
[SourceVersion "2"]
[SourceVersionDate "2009.05.20"]
[SourceQuality "1"]

1. b3 d5 2. Bb2 Bg4 3. g3 e6 4. Bg2 Nf6 5. c4 c6 6. Nf3 Nbd7 7. 0-0 Be7 8. d3 0-0 9. Nbd2 a5 10. a3 Bd6 11. Re1 Qe7 12. h3 Bh5 13. cxd5 cxd5 14. e4 dxe4 15. dxe4 Be5 16. Qb1 Bxb2 17. Qxb2 Nc5 18. Ne5 Nfd7 19. Bf1 Nxe5 20. Qxe5 Bg6 21. b4 axb4 22. axb4 Na6 23. b5 Nc5 24. b6 f6 25. Qb2 Rxa1 26. Qxa1 Rd8 27. Qa5 Qd6 28. Nc4 Qd4 29. e5 Ne4 30. Ne3 fxe5 31. Rd1 Nd2 32. Be2 Be4 33. Nf1 Rf8 1/2-1/2

[Event "Sofia Gerenski Memorial 2nd"]
[Site "Sofia"]
[Date "2009.03.23"]
[Round "4"]
[White "Kostov, Nikolai"]
[Black "Mitrev, Kiril"]
[Result "0-1"]
[WhiteElo "1894"]
[BlackElo "2082"]
[PlyCount "106"]
[EventDate "2009.03.21"]
[EventType "swiss"]
[EventRounds "9"]
[EventCountry "BUL"]
[SourceTitle "CBM 129 Extra"]
[Source "ChessBase"]
[SourceDate "2009.05.05"]
[SourceVersion "2"]
[SourceVersionDate "2009.05.20"]
[SourceQuality "1"]

1. d4 Nf6 2. c4 e6 3. Nf3 c5 4. g3 b6 5. Bg2 Bb7 6. 0-0 cxd4 7. Nxd4 Bxg2 8. Kxg2 Qc7 9. b3 Be7 10. Bb2 0-0 11. Nc3 d6 12. e4 a6 13. Re1 Nc6 14. Nxc6 Qxc6 15. Kg1 Rfd8 16. Qe2 Rab8 17. Rac1 h6 18. Ba3 Nd7 19. h3 Bf8 20. Kh2 Qb7 21. Rcd1 Nf6 22. Bb2 Rdc8 23. f4 b5 24. cxb5 axb5 25. Qg2 b4 26. Nb1 Ne8 27. Rc1 Qa6 28. Rxc8 Rxc8 29. Rc1 Ra8 30. a4 bxa3 31. Bxa3 Qb7 32. Qc2 Nf6 33. e5 dxe5 34. Bxf8 Kxf8 35. fxe5 Nd5 36. h4 Kg8 37. Kh3 Rb8 38. Nd2 Ne3 39. Qe4 Qxe4 40. Nxe4 Rxb3 41. Rc8+ Kh7 42. Rc7 Rb1 43. Kh2 Ng4+ 44. Kg2 Rb2+ 45. Kg1 Nxe5 46. Nd6 Kg6 47. h5+ Kxh5 48. Rc5 f6 49. Nf7 Kg4 50. Nxe5+ fxe5 51. Rxe5 Kxg3 52. Kf1 Rf2+ 53. Ke1 Rf6 0-1

[Event "Kesarovski Georgiev Memorial 7th"]
[Site "Sunny Beach"]
[Date "2008.09.14"]
[Round "9"]
[White "Todorov, Ognjan"]
[Black "Mitrev, Kiril"]
[Result "1-0"]
[WhiteElo "2318"]
[BlackElo "2094"]
[PlyCount "104"]
[EventDate "2008.09.08"]
[EventType "swiss"]
[EventRounds "9"]
[EventCountry "BUL"]
[SourceTitle "CBM 126 Extra"]
[Source "ChessBase"]
[SourceDate "2008.11.05"]
[SourceVersion "1"]
[SourceVersionDate "2008.11.05"]
[SourceQuality "1"]

1. d4 Nf6 2. Nf3 e6 3. c4 c5 4. Nc3 cxd4 5. Nxd4 d5 6. cxd5 Nxd5 7. Ndb5 Bd7 8. e4 Nxc3 9. Nxc3 Be7 10. Be3 0-0 11. Be2 Bc6 12. 0-0 Nd7 13. Rc1 Bc5 14. Qd2 Bxe3 15. Qxe3 Qb6 16. Qxb6 Nxb6 17. Bb5 Rac8 18. Rfd1 Bxb5 19. Nxb5 Rxc1 20. Rxc1 Rc8 21. Rxc8+ Nxc8 22. f3 Kf8 23. Kf2 Ke7 24. Ke3 a6 25. Na3 e5 26. Nc4 Ke6 27. Kd3 f6 28. Kc3 Kd7 29. Na5 b6 30. Nc4 Kc6 31. Ne3 Nd6 32. Nd5 Kc5 33. b4+ Kc6 34. a4 b5 35. a5 Kd7 36. Ne3 Ke6 37. Kd3 Kd7 38. Nc2 Nc8 39. Na1 Nd6 40. Nb3 Nb7 41. Ke3 Kc6 42. g3 Kd6 43. f4 Ke6 44. Nc1 Kd6 45. Nd3 Ke6 46. Kf3 Kd6 47. Kg4 Ke6 48. fxe5 fxe5 49. Kg5 Kd6 50. Kf5 Nd8 51. Nxe5 Ne6 52. Nd3 Nd4+ 1-0

[Event "Kesarovski Georgiev Memorial 7th"]
[Site "Sunny Beach"]
[Date "2008.09.13"]
[Round "8"]
[White "Mitrev, Kiril"]
[Black "Lisko, Frantisek"]
[Result "1-0"]
[WhiteElo "2094"]
[BlackElo "2279"]
[PlyCount "84"]
[EventDate "2008.09.08"]
[EventType "swiss"]
[EventRounds "9"]
[EventCountry "BUL"]
[SourceTitle "CBM 126 Extra"]
[Source "ChessBase"]
[SourceDate "2008.11.05"]
[SourceVersion "1"]
[SourceVersionDate "2008.11.05"]
[SourceQuality "1"]

1. e4 c5 2. Nf3 Nc6 3. Bb5 d6 4. 0-0 Bd7 5. Re1 Nf6 6. c3 a6 7. Bf1 Bg4 8. h3 Bh5 9. d3 e6 10. Bf4 Be7 11. Nbd2 d5 12. Be2 Bg6 13. Nh4 Qb6 14. Nxg6 hxg6 15. Qb3 Qa7 16. Bf1 Rc8 17. a4 Na5 18. Qc2 Qb6 19. b3 Qc6 20. Qb2 Qd7 21. Nf3 Nc6 22. Ne5 Nxe5 23. Bxe5 g5 24. Qe2 Nh5 25. Qf3 Rd8 26. Bh2 g6 27. exd5 Qxd5 28. Qxd5 Rxd5 29. Be5 f6 30. Bh2 e5 31. g3 Rh7 32. Re3 Kd8 33. Rae1 Rd7 34. Kg2 Bd6 35. a5 Ng7 36. Ra1 Nf5 37. Ree1 Ne7 38. Bg1 Nc6 39. Ra4 Bf8 40. f3 Bd6 41. Rea1 Bf8 42. Re4 Rd5 1-0

[Event "Kesarovski Georgiev Memorial 7th"]
[Site "Sunny Beach"]
[Date "2008.09.12"]
[Round "7"]
[White "Ivanov, Ljubomir"]
[Black "Mitrev, Kiril"]
[Result "0-1"]
[WhiteElo "1977"]
[BlackElo "2094"]
[PlyCount "82"]
[EventDate "2008.09.08"]
[EventType "swiss"]
[EventRounds "9"]
[EventCountry "BUL"]
[SourceTitle "CBM 126 Extra"]
[Source "ChessBase"]
[SourceDate "2008.11.05"]
[SourceVersion "1"]
[SourceVersionDate "2008.11.05"]
[SourceQuality "1"]

1. d4 Nf6 2. c4 e6 3. Nf3 c5 4. d5 exd5 5. cxd5 d6 6. Nc3 g6 7. Bg5 Bg7 8. e4 0-0 9. Bd3 Bg4 10. h3 Bxf3 11. gxf3 Nbd7 12. f4 a6 13. a4 Qa5 14. 0-0 Rae8 15. Re1 h6 16. Bh4 Nh5 17. Qd2 Qb4 18. f3 Qd4+ 19. Bf2 Qf6 20. Be3 Qh4 21. Qh2 b6 22. Bxa6 Bd4 23. Bxd4 cxd4 24. Ne2 Nc5 25. Bb5 d3 26. b4 Nb3 27. Bxd3 Nxa1 28. Rxa1 Qf6 29. Ra2 Rc8 30. Qf2 Nxf4 31. Nxf4 Qxf4 32. a5 bxa5 33. bxa5 Rc3 34. Be2 f5 35. a6 fxe4 36. a7 Ra3 37. Rxa3 Qc1+ 38. Kh2 Qxa3 39. Qg1 Kh7 40. fxe4 Rf7 41. Qg3 Qxa7 0-1